00458nam a2200181Ia 450000500170000000800410001702000180005804100080007608200150008410000100009924500490010925000110015826000350016930000090020450000280021365000250024170000100026620251121153323.0230125s9999 xx 000 0 und d a9788184957136 aeng a158.1bFRY aFry R a101 Smart Questions to Ask On Your Interview aEd.1st bJaico Publishing HouseaMumbai a147p aPersonality Development aCompany profile;Nike aFry R